| 000 | 00382nam a2200145Ia 4500 | ||
|---|---|---|---|
| 008 | 240624s9999 xx 000 0 und d | ||
| 041 | _aeng | ||
| 082 | _a658.4033 REN | ||
| 100 | _aRENDER BARRY | ||
| 245 | _aQUANTITATIVE ANALYSIS FOR MANAGEMENT | ||
| 250 | _a(7th ed.) | ||
| 260 |
_c2002 _aNew Delhi _bPrentice-Hall of India |
||
| 300 | _axxiv, : 766 : p. : cm. ; 26 | ||
| 365 | _cRS | ||
| 999 |
_c1658 _d1658 |
||